[Event "World Rapid Team 2023"]
[Site "Dusseldorf GER"]
[Date "2023.08.27"]
[Round "6.10"]
[Board "2"]
[White "Bagrationi, Alexander"]
[Black "Vandenbussche, Thibaut"]
[Result "0-1"]
[WhiteTitle "GM"]
[BlackTitle "IM"]
[WhiteElo "2440"]
[BlackElo "2439"]
[WhiteTeam "Schachverein Hemer"]
[BlackTeam "Aachener Schachverein von 1856"]
[WhiteFideId "14104954"]
[BlackFideId "204412"]
[EventDate "2023.08.26"]

1. d4 d5 2. Nf3 c5 3. e3 Nf6 4. b3 Nc6 5. Bb2 Bg4 6. Be2 Bxf3 7. Bxf3 cxd4 8.
exd4 e6 9. O-O Bd6 10. c4 O-O 11. c5 Bf4 12. g3 Bh6 13. a3 Ne4 14. b4 f5 15. Qd3
Qf6 16. Bg2 f4 17. Bxe4 dxe4 18. Qxe4 Rad8 19. d5 Qxb2 20. dxc6 Qxa1 21. cxb7
Qd4 22. Qxd4 Rxd4 23. Nc3 Rb8 24. Nb5 Rd5 25. Nxa7 Rxb7 26. Nc6 f3 27. h4 Kf7
28. Kh2 Ke8 29. Kh3 Kd7 30. Na5 Rb5 31. Nc4 Rd4 32. Ne5+ Kc7 33. Re1 Bd2 34.
Nxf3 Bxe1 35. Nxd4 Rb8 36. Nxe6+ Kd7 37. Nxg7 Bxf2 38. Nh5 Bd4 39. Kg4 Ra8 40.
Kg5 Be3+ 41. Kf5 h6 42. Nf6+ Kc6 43. Ng4 Bc1 44. Ne5+ Kd5 45. Nf7 Rxa3 46. g4
Rb3 47. g5 hxg5 48. hxg5 Rxb4 49. c6 Rf4+ 50. Kg6 Kxc6 51. Ne5+ Kd6 52. Nf7+ Ke6
53. Nd8+ Ke7 54. Nc6+ Kd6 55. Nd8 Rf8 56. Nf7+ Ke6 57. Nh6 Rh8 58. Kg7 Bb2+ 59.
Kg6 Bc3 60. Kh5 Bg7 61. Kg6 Ba1 62. Kh5 Rb8 63. Kg6 Rb5 64. Nf7 Rd5 65. Nh6 Bb2
66. Nf7 Bc1 67. Kg7 Bxg5 68. Kg6 Bf6 69. Nh6 Rg5+ 70. Kh7 Rg7+ 71. Kh8 Ra7+ 72.
Kg8 Bg5 0-1

[Event "World Rapid Team 2023"]
[Site "Dusseldorf GER"]
[Date "2023.08.27"]
[Round "6.10"]
[Board "3"]
[White "Koch, Thomas1"]
[Black "Voicu-Jagodzinsky, Carmen"]
[Result "1-0"]
[WhiteTitle "IM"]
[BlackTitle "WGM"]
[WhiteElo "2426"]
[BlackElo "2264"]
[WhiteTeam "Aachener Schachverein von 1856"]
[BlackTeam "Schachverein Hemer"]
[WhiteFideId "4600533"]
[BlackFideId "1206729"]
[EventDate "2023.08.26"]

1. d4 Nf6 2. c4 c5 3. d5 e6 4. Nc3 exd5 5. cxd5 d6 6. Nf3 g6 7. Nd2 Bg7 8. e4
O-O 9. Be2 Re8 10. O-O a6 11. a4 Nbd7 12. h3 Rb8 13. Qc2 Qc7 14. a5 Ne5 15. f4
Ned7 16. Nc4 b5 17. axb6 Nxb6 18. Na5 c4 19. Nc6 Ra8 20. Bf3 Bb7 21. Rd1 Nfd7
22. e5 Nc5 23. Be3 Nbd7 24. Na5 Rab8 25. exd6 Qxd6 26. Nxc4 Qf6 27. Qf2 Nb3 28.
Ra3 Rxe3 29. Qxe3 Nd4 30. Ne4 Nxf3+ 31. Qxf3 Qe7 32. Ned6 Nc5 33. Re3 Qh4 34.
Kh2 Rd8 35. g3 Qh6 36. Rde1 Bd4 37. Re8+ Rxe8 38. Rxe8+ Kg7 39. Re7 1-0

[Event "World Rapid Team 2023"]
[Site "Dusseldorf GER"]
[Date "2023.08.27"]
[Round "6.10"]
[Board "4"]
[White "Runte, Moritz"]
[Black "Klein, Felix"]
[Result "1-0"]
[BlackTitle "FM"]
[WhiteElo "2185"]
[BlackElo "2300"]
[WhiteTeam "Schachverein Hemer"]
[BlackTeam "Aachener Schachverein von 1856"]
[WhiteFideId "12991449"]
[BlackFideId "24600458"]
[EventDate "2023.08.26"]

1. e4 e5 2. Nf3 Nc6 3. Bc4 Bc5 4. c3 Nf6 5. d4 exd4 6. e5 d5 7. Bb5 Ne4 8. cxd4
Bb6 9. Nc3 O-O 10. Be3 f6 11. Bxc6 bxc6 12. Qa4 Bg4 13. exf6 Bxf3 14. fxg7 Rf7
15. gxf3 Nxc3 16. bxc3 Qd6 17. O-O-O Rxf3 18. Rhg1 Re8 19. Rg3 Rxg3 20. hxg3 Re4
21. Rh1 Kxg7 22. Bf4 Rxf4 23. gxf4 Qxf4+ 24. Kb2 Qxf2+ 25. Kb3 Qg2 26. Rc1 Qg6
27. Qa6 c5 28. Qe2 cxd4 29. Qe7+ Kg8 30. Rf1 1-0

[Event "World Rapid Team 2023"]
[Site "Dusseldorf GER"]
[Date "2023.08.27"]
[Round "6.10"]
[Board "5"]
[White "Breitkopf-Lazar, Patrick-Robert"]
[Black "Besou, Hussain"]
[Result "0-1"]
[BlackTitle "FM"]
[WhiteElo "1672"]
[BlackElo "2364"]
[WhiteTeam "Aachener Schachverein von 1856"]
[BlackTeam "Schachverein Hemer"]
[WhiteFideId "16213742"]
[BlackFideId "16269950"]
[EventDate "2023.08.26"]

1. e4 c5 2. Nf3 d6 3. d4 cxd4 4. Nxd4 Nf6 5. Nc3 a6 6. Be3 e5 7. Nb3 Be7 8. f3
Be6 9. Qd2 h5 10. Nd5 Nxd5 11. exd5 Bf5 12. Be2 Nd7 13. c4 Qc7 14. O-O h4 15. f4
Bg6 16. Rac1 O-O 17. f5 Bh7 18. Bg5 Qd8 19. Bxe7 Qxe7 20. c5 Rfc8 21. c6 bxc6
22. dxc6 Nf6 23. Qg5 Qa7+ 24. Kh1 Qb6 25. Qxh4 Rxc6 26. Bf3 d5 27. Rxc6 Qxc6 28.
g4 Qc4 29. Rg1 Bxf5 30. Nd2 Qf4 31. Qh3 Be6 32. Qg2 e4 33. Bd1 e3 34. g5 Nd7 35.
Nb3 Re8 36. Rf1 Qh4 37. g6 f6 38. Bf3 Bh3 39. Qe2 Bxf1 40. Qxf1 Ne5 41. Bxd5+
Kh8 42. Qe2 Ng4 43. Bf3 Nxh2 44. Kg2 Re5 0-1

[Event "World Rapid Team 2023"]
[Site "Dusseldorf GER"]
[Date "2023.08.27"]
[Round "6.10"]
[Board "6"]
[White "Xue, Luka"]
[Black "Ahn, Anastasia"]
[Result "1-0"]
[WhiteElo "1925"]
[BlackElo "1592"]
[WhiteTeam "Schachverein Hemer"]
[BlackTeam "Aachener Schachverein von 1856"]
[WhiteFideId "16277252"]
[BlackFideId "252220"]
[EventDate "2023.08.26"]

1. d4 d5 2. c4 e6 3. Nc3 Nf6 4. cxd5 exd5 5. Bg5 c6 6. e3 h6 7. Bh4 Be7 8. Bd3
O-O 9. Qc2 Re8 10. f3 a5 11. Nge2 Na6 12. a3 Be6 13. O-O Nd7 14. Bxe7 Qxe7 15.
e4 Nb6 16. e5 c5 17. Nb5 cxd4 18. Nd6 Red8 19. Nxd4 Nc8 20. N4b5 Nxd6 21. Nxd6
Rxd6 22. exd6 Qxd6 23. Rac1 Rc8 24. Qxc8+ 1-0

[Event "World Rapid Team 2023"]
[Site "Dusseldorf GER"]
[Date "2023.08.27"]
[Round "6.11"]
[Board "1"]
[White "Adly, Ahmed"]
[Black "Hagner, Bennet"]
[Result "0-1"]
[WhiteTitle "GM"]
[BlackTitle "FM"]
[WhiteElo "2596"]
[BlackElo "2323"]
[WhiteTeam "Africa"]
[BlackTeam "Mitropa Chess Association"]
[WhiteFideId "10601619"]
[BlackFideId "16224477"]
[EventDate "2023.08.26"]

1. d4 Nf6 2. Nc3 e6 3. e4 d5 4. e5 Nfd7 5. f4 c5 6. Nf3 Nc6 7. Ne2 Be7 8. c3 a5
9. h4 h5 10. f5 exf5 11. Nf4 cxd4 12. cxd4 Nf8 13. Bb5 Ne6 14. Qa4 Nxf4 15. Bxf4
O-O 16. Rc1 Bd7 17. Bg5 Bxg5 18. hxg5 g6 19. Rc5 Qb6 20. Rxd5 Be6 21. Rc5 Rfd8
22. Bxc6 bxc6 23. O-O Qxb2 24. Rxc6 Qxa2 25. Qd1 Bd5 26. Rf6 Rab8 27. Qe1 Bxf3
28. gxf3 Rb2 29. Qg3 Re2 30. e6 Rxe6 31. Qc7 Rf8 32. Rxe6 Qxe6 33. Kf2 Qa2+ 34.
Kg3 Qd2 35. Qf4 Qe2 36. Ra1 Rc8 37. Rc1 h4+ 38. Kh3 Rxc1 39. Qxc1 Qxf3+ 40. Kh2
Qg3+ 41. Kh1 h3 42. Qd2 f4 43. d5 f3 0-1

[Event "World Rapid Team 2023"]
[Site "Dusseldorf GER"]
[Date "2023.08.27"]
[Round "6.11"]
[Board "2"]
[White "Perossa, Nicolas"]
[Black "Bellahcene, Bilel"]
[Result "0-1"]
[BlackTitle "GM"]
[WhiteElo "2265"]
[BlackElo "2515"]
[WhiteTeam "Mitropa Chess Association"]
[BlackTeam "Africa"]
[WhiteFideId "2850520"]
[BlackFideId "696358"]
[EventDate "2023.08.26"]

1. e4 c5 2. Nf3 Nc6 3. Bb5 Nf6 4. Nc3 Nd4 5. e5 Nxb5 6. Nxb5 Nd5 7. Ng5 f6 8.
Ne4 f5 9. Nec3 Nxc3 10. Nxc3 e6 11. O-O Qh4 12. Nb5 Kf7 13. d4 a6 14. Nd6+ Bxd6
15. exd6 cxd4 16. g3 Qh3 17. Qxd4 b5 18. Bd2 h5 19. Bc3 Rh7 20. Qb6 h4 21. Qd8
f4 22. Qe7+ Kg6 23. Qe8+ Kh6 24. Bd2 Qf5 25. Bxf4+ g5 26. Be3 Bb7 27. f4 Rxe8
28. fxg5+ Kg6 29. Rxf5 exf5 30. Bf4 hxg3 31. Bxg3 Re2 0-1

[Event "World Rapid Team 2023"]
[Site "Dusseldorf GER"]
[Date "2023.08.27"]
[Round "6.11"]
[Board "3"]
[White "Solomon, Kenny"]
[Black "Caruso, Augusto"]
[Result "1-0"]
[WhiteTitle "GM"]
[WhiteElo "2324"]
[BlackElo "2103"]
[WhiteTeam "Africa"]
[BlackTeam "Mitropa Chess Association"]
[WhiteFideId "14300192"]
[BlackFideId "801763"]
[EventDate "2023.08.26"]

1. d4 c5 2. d5 f5 3. c4 Nf6 4. Nc3 g6 5. g3 Bg7 6. Bg2 d6 7. Nh3 a6 8. O-O O-O
9. Ng5 b6 10. Ne6 Bxe6 11. dxe6 Ra7 12. e4 fxe4 13. Nxe4 Nxe4 14. Bxe4 b5 15.
Qd3 Qb6 16. Rb1 Nc6 17. b3 Nd4 18. h4 Kh8 19. Bd5 Rf5 20. Bf4 b4 21. Kg2 Qd8 22.
Be3 Qf8 23. f4 h5 24. Bxd4 Bxd4 25. Be4 Qf6 26. Bxf5 gxf5 27. Qf3 Qg6 28. Qc6
Qg8 29. Rbd1 Bf6 30. Qf3 Qg6 31. Kh2 a5 32. Qc6 Qg8 33. Rfe1 Ra8 34. Qf3 Qg6 35.
Qxa8+ 1-0

[Event "World Rapid Team 2023"]
[Site "Dusseldorf GER"]
[Date "2023.08.27"]
[Round "6.11"]
[Board "4"]
[White "Bordin, Silvia"]
[Black "Moueden, Mohamed Amine"]
[Result "0-1"]
[WhiteElo "1933"]
[BlackElo "1953"]
[WhiteTeam "Mitropa Chess Association"]
[BlackTeam "Africa"]
[WhiteFideId "2837612"]
[BlackFideId "7902018"]
[EventDate "2023.08.26"]

1. e4 e5 2. Nf3 Nf6 3. Nxe5 d6 4. Nf3 Nxe4 5. Nc3 Nxc3 6. dxc3 Be7 7. Be3 O-O 8.
Qd2 c5 9. O-O-O Qa5 10. Kb1 Be6 11. c4 Qa6 12. b3 Nc6 13. h4 Qa3 14. Qc1 Qa6 15.
Qd2 Rad8 16. h5 Bf6 17. Bg5 Bxg5 18. Qxg5 h6 19. Qf4 Qa3 20. Qc1 Qxc1+ 21. Kxc1
d5 22. cxd5 Bxd5 23. Be2 Be4 24. a3 Rfe8 25. Rde1 a6 26. Rhg1 b5 27. g4 f6 28.
Nd2 Bd5 29. f4 Nd4 30. Bd1 Kf8 31. c3 Ne6 32. Ref1 c4 33. g5 Nc5 34. b4 Nd3+ 35.
Kc2 a5 36. gxh6 gxh6 37. Rg6 axb4 38. cxb4 Ne1+ 39. Kb2 c3+ 40. Kxc3 Bf7 41.
Rxf6 Rd3+ 42. Kb2 Rxd2+ 43. Kc1 Rd3 44. Rxh6 Rc8+ 45. Kb2 Rxd1 46. Rh8+ Bg8 47.
Rg1 Nd3# 0-1

[Event "World Rapid Team 2023"]
[Site "Dusseldorf GER"]
[Date "2023.08.27"]
[Round "6.11"]
[Board "5"]
[White "February, Jesse Nikki"]
[Black "Dordevic, Tom"]
[Result "1-0"]
[WhiteTitle "WIM"]
[WhiteElo "1849"]
[BlackElo "1998"]
[WhiteTeam "Africa"]
[BlackTeam "Mitropa Chess Association"]
[WhiteFideId "14312336"]
[BlackFideId "16260503"]
[EventDate "2023.08.26"]

1. e4 c5 2. Nf3 d6 3. d4 cxd4 4. Nxd4 Nf6 5. Bd3 e6 6. O-O Be7 7. c4 O-O 8. Nc3
b6 9. Be3 Bb7 10. f4 Nbd7 11. Qf3 Nc5 12. Bc2 a5 13. Rad1 Rc8 14. Ndb5 Qd7 15.
Rd2 Rfd8 16. Rfd1 Bc6 17. g4 Qb7 18. Rd4 e5 19. fxe5 dxe5 20. Rxd8+ Rxd8 21.
Rxd8+ Bxd8 22. Bxc5 bxc5 23. g5 Ne8 24. Qe3 Qe7 25. h4 h6 26. Nd5 Bxd5 27. exd5
hxg5 28. h5 g4 29. Qe4 Qh4 30. Qxe5 Nf6 31. d6 Nxh5 32. Qe8# 1-0

[Event "World Rapid Team 2023"]
[Site "Dusseldorf GER"]
[Date "2023.08.27"]
[Round "6.11"]
[Board "6"]
[White "Peglau, Paul David"]
[Black "Odiah, Isaac Babu"]
[Result "1-0"]
[WhiteElo "1768"]
[BlackElo "1893"]
[WhiteTeam "Mitropa Chess Association"]
[BlackTeam "Africa"]
[WhiteFideId "16290550"]
[BlackFideId "10800549"]
[EventDate "2023.08.26"]

1. c4 Nf6 2. Nc3 d6 3. g3 e5 4. Bg2 Be7 5. e3 O-O 6. Nge2 c6 7. O-O Nbd7 8. d4
Nb6 9. b3 Bg4 10. Bb2 Nfd7 11. Qc2 g6 12. h3 Bxe2 13. Qxe2 Bf6 14. Ne4 Qe7 15.
Nxf6+ Qxf6 16. Rad1 Rae8 17. dxe5 dxe5 18. Ba3 Qe6 19. Bxf8 Rxf8 20. Qd2 Re8 21.
Qd6 f5 22. Qxe6+ Rxe6 23. Rd2 e4 24. Rfd1 Kf7 25. Rxd7+ Nxd7 26. Rxd7+ Re7 27.
Rxe7+ Kxe7 28. Kf1 Kd6 29. b4 b6 30. Ke2 a6 31. Kd2 c5 32. a3 Kc6 33. Kc3 b5 34.
cxb5+ axb5 35. bxc5 Kxc5 36. Bf1 h6 37. Be2 g5 38. h4 g4 39. Bf1 h5 40. Be2 Kb6
41. Kb4 Kc6 42. Bxb5+ Kd5 43. a4 1-0

[Event "World Rapid Team 2023"]
[Site "Dusseldorf GER"]
[Date "2023.08.27"]
[Round "6.12"]
[Board "1"]
[White "Bologan, Victor"]
[Black "Dyachuk, Artem"]
[Result "1-0"]
[WhiteTitle "GM"]
[BlackTitle "FM"]
[WhiteElo "2574"]
[BlackElo "2242"]
[WhiteTeam "FIDE Management Board"]
[BlackTeam "Chess Wizzards"]
[WhiteFideId "13900048"]
[BlackFideId "34107924"]
[EventDate "2023.08.26"]

1. e4 c5 2. Nf3 d6 3. d4 cxd4 4. Nxd4 Nf6 5. Nc3 Nc6 6. Bg5 g6 7. Bxf6 exf6 8.
Qd2 Bg7 9. Bb5 Bd7 10. O-O O-O 11. Bxc6 bxc6 12. Nb3 Be6 13. Rad1 f5 14. Nd4 Bc4
15. Rfe1 Re8 16. exf5 Qb6 17. Nb3 d5 18. fxg6 hxg6 19. Na4 Qb5 20. Nbc5 Be2 21.
Rb1 Qc4 22. h3 Bh5 23. b3 Qh4 24. Rxe8+ Rxe8 25. Re1 Rxe1+ 26. Qxe1 g5 27. Qe8+
Kh7 28. Qxc6 Qd4 29. Nd3 Bg6 30. Nab2 g4 31. hxg4 Qxg4 32. Qxd5 Qe2 33. Qc4 Qd2
34. Qh4+ Kg8 35. Nc4 Qxc2 36. Nde5 Qxa2 37. Nxg6 fxg6 38. Qd8+ Kh7 39. Qd3 Qa1+
40. Kh2 Qc1 41. Qh3+ Kg8 42. Qe3 Qc2 43. g3 a6 44. Kg2 Kh7 45. Kf3 Qf5+ 46. Kg2
Qc2 47. Nd6 Qc6+ 48. Ne4 a5 49. Kh2 a4 50. Ng5+ Kh6 51. Qf4 Bb2 52. bxa4 Bc1 53.
Nf7+ Kg7 54. Ne5 Qc7 55. Qe4 Qb6 56. Kg2 Qa6 57. Nc6 Bg5 58. Qd5 Qxa4 59. Ne5
Qe8 60. Ng4 Bd8 61. Qd4+ Kh7 62. Qd2 Qc6+ 63. f3 Bb6 64. Qh6+ Kg8 65. Ne5 Qc2+
66. Kh3 Qf5+ 67. g4 Qxe5 68. Qxg6+ Kh8 69. Qxb6 Qg5 70. Qd4+ Kh7 71. Kg3 Qg6 72.
Qe4 Kh8 73. Qe5+ Kh7 74. Qh5+ 1-0

[Event "World Rapid Team 2023"]
[Site "Dusseldorf GER"]
[Date "2023.08.27"]
[Round "6.12"]
[Board "2"]
[White "Nechitaylo, Nikita"]
[Black "Short, Nigel D"]
[Result "0-1"]
[BlackTitle "GM"]
[WhiteElo "2116"]
[BlackElo "2592"]
[WhiteTeam "Chess Wizzards"]
[BlackTeam "FIDE Management Board"]
[WhiteFideId "34138161"]
[BlackFideId "400025"]
[EventDate "2023.08.26"]

1. d4 Nf6 2. Nf3 e6 3. e3 b6 4. Nbd2 Bb7 5. Bd3 c5 6. b3 Nc6 7. a3 Qc7 8. Bb2
Be7 9. O-O O-O 10. c4 Rad8 11. Qc2 h6 12. Rac1 d6 13. Rfe1 Qb8 14. e4 cxd4 15.
Nxd4 Ne5 16. Bf1 Ng6 17. g3 Rfe8 18. Bg2 a6 19. h4 Ba8 20. b4 Rc8 21. Qb3 Ne5
22. a4 a5 23. f4 Nc6 24. Nxc6 Bxc6 25. Bd4 e5 26. Bf2 exf4 27. gxf4 Ng4 28. Bg3
axb4 29. Bh3 h5 30. Bxg4 hxg4 31. Qxb4 d5 32. Qb1 dxe4 33. Nxe4 Bxe4 34. Rxe4
Bc5+ 35. Kh2 Rxe4 36. Qxe4 Re8 37. Qg2 Re3 38. Re1 Rxe1 39. Bxe1 Qxf4+ 40. Kh1
Qxc4 41. Bf2 Qxa4 42. Bxc5 bxc5 43. Qb7 Qd1+ 44. Kh2 Qe2+ 45. Kg1 Qe3+ 46. Kh2
Qf2+ 47. Kh1 Qxh4+ 48. Kg2 Qh3+ 49. Kg1 Qe3+ 50. Kh2 Qf2+ 51. Kh1 Qf3+ 0-1

[Event "World Rapid Team 2023"]
[Site "Dusseldorf GER"]
[Date "2023.08.27"]
[Round "6.12"]
[Board "3"]
[White "Al-Mudahka, Mohd"]
[Black "Kliashtornyi, Arkadii"]
[Result "1/2-1/2"]
[WhiteTitle "GM"]
[WhiteElo "2542"]
[BlackElo "1975"]
[WhiteTeam "FIDE Management Board"]
[BlackTeam "Chess Wizzards"]
[WhiteFideId "12100030"]
[BlackFideId "34119698"]
[EventDate "2023.08.26"]

1. e4 c6 2. d4 d5 3. exd5 cxd5 4. Bd3 Nc6 5. c3 Nf6 6. Bf4 Bg4 7. Qb3 Qd7 8. Nd2
e6 9. Ngf3 Bxf3 10. Nxf3 Nh5 11. Bg3 Nxg3 12. hxg3 g6 13. O-O-O Bg7 14. Kb1 a6
15. g4 h6 16. Qb6 Rc8 17. g5 h5 18. Rde1 Qc7 19. Qb3 Qd7 20. g4 hxg4 21. Rxh8+
Bxh8 22. Nh2 Na5 23. Qd1 Nc4 24. Nxg4 Bg7 25. Bxc4 dxc4 26. Qf3 Kf8 27. Nf6 Qc6
28. Qf4 Rd8 29. f3 Qd6 30. Re5 b5 31. a3 a5 32. Qe4 b4 33. axb4 axb4 34. Kc2
bxc3 35. bxc3 Qa3 36. Kd2 Qb2+ 37. Qc2 Qxc2+ 38. Kxc2 Bxf6 39. gxf6 Ke8 40. Rc5
Rd5 41. Rc8+ Kd7 42. Rf8 Rf5 43. Rxf7+ Kd6 44. Rf8 Rxf3 45. f7 Ke7 46. Rc8 Rf2+
47. Kd1 Kxf7 48. Rxc4 Ke7 49. Rc7+ Kd6 50. Rc5 Rg2 51. Ke1 Rc2 52. Kd1 Rg2 53.
Re5 g5 54. Ke1 Rc2 55. Re3 Kd5 56. Kd1 Rg2 57. Ke1 Rc2 58. Kd1 Rg2 59. Ke1 1/2-1/2

[Event "World Rapid Team 2023"]
[Site "Dusseldorf GER"]
[Date "2023.08.27"]
[Round "6.12"]
[Board "4"]
[White "Tarasenko, Nazar"]
[Black "Iashvili, Akaki"]
[Result "1-0"]
[BlackTitle "IM"]
[WhiteElo "1888"]
[BlackElo "2342"]
[WhiteTeam "Chess Wizzards"]
[BlackTeam "FIDE Management Board"]
[WhiteFideId "34161430"]
[BlackFideId "13600281"]
[EventDate "2023.08.26"]

1. c4 Nf6 2. Nc3 g6 3. d4 Bg7 4. e4 d6 5. h3 O-O 6. Be3 e5 7. d5 Nh5 8. g3 Na6
9. Be2 Nf6 10. Qc2 c6 11. Nf3 Nc5 12. Rd1 cxd5 13. cxd5 a5 14. a3 h6 15. b4 axb4
16. axb4 Na6 17. Qb3 Bd7 18. Nd2 Ne8 19. Nc4 f5 20. Bb6 Qf6 21. f3 g5 22. g4 h5
23. exf5 e4 24. Nxe4 Qe5 25. Bd4 Qf4 26. Bxg7 Kxg7 27. Qc3+ Kh6 28. h4 gxh4 29.
Rxh4 Ng7 30. g5+ Kh7 31. Rxf4 1-0

[Event "World Rapid Team 2023"]
[Site "Dusseldorf GER"]
[Date "2023.08.27"]
[Round "6.12"]
[Board "5"]
[White "Reizniece-Ozola, Dana"]
[Black "Nechitaylo, Lev"]
[Result "1-0"]
[WhiteTitle "WGM"]
[WhiteElo "2268"]
[BlackElo "1462"]
[WhiteTeam "FIDE Management Board"]
[BlackTeam "Chess Wizzards"]
[WhiteFideId "11601124"]
[BlackFideId "34141383"]
[EventDate "2023.08.26"]

1. c4 e5 2. Nc3 Nf6 3. g3 Nc6 4. Bg2 d6 5. d3 Be6 6. Nd5 Be7 7. Rb1 O-O 8. b4
Re8 9. b5 Nd4 10. Nxe7+ Rxe7 11. e3 Nf5 12. Bxb7 Rb8 13. Bg2 d5 14. cxd5 Bd7 15.
a4 a6 16. Ba3 Re8 17. bxa6 Rxb1 18. Qxb1 Bxa4 19. Qb4 Bd7 20. Ne2 Nd6 21. O-O
Bb5 22. a7 Qa8 23. Qb3 Bd7 24. Bxd6 cxd6 25. Ra1 Rc8 26. Qb6 Ne8 27. Ra3 Bg4 28.
Nc3 Bf5 29. d4 f6 30. dxe5 fxe5 31. Bf1 Rc5 32. Bb5 Nc7 33. Bc6 Rxc6 34. Qxc6
Qxc6 35. dxc6 Na8 36. Rb3 Kf7 37. Rb8 Nc7 38. Rb7 1-0

[Event "World Rapid Team 2023"]
[Site "Dusseldorf GER"]
[Date "2023.08.27"]
[Round "6.12"]
[Board "6"]
[White "Hladeniuk, Yelyzaveta"]
[Black "Ozols, Andris"]
[Result "0-1"]
[WhiteElo "1362"]
[BlackElo "1490"]
[WhiteTeam "Chess Wizzards"]
[BlackTeam "FIDE Management Board"]
[WhiteFideId "34176128"]
[BlackFideId "11605456"]
[EventDate "2023.08.26"]

1. d4 Nf6 2. c4 c5 3. d5 b5 4. e3 bxc4 5. Bxc4 d6 6. Nf3 g6 7. O-O Bg7 8. Nc3
O-O 9. Re1 Nbd7 10. b3 Ne4 11. Nxe4 Bxa1 12. Qd2 Bg7 13. Bb2 f6 14. Qd3 a6 15.
Ng3 Nb6 16. h3 Nxc4 17. Qxc4 a5 18. Ba3 a4 19. Rb1 axb3 20. Qxb3 Qa5 21. Bc1
Qxa2 22. Qxa2 Rxa2 23. Kf1 Ba6+ 24. Ke1 Bd3 25. Rb7 Re8 26. Nd2 f5 27. f4 c4 28.
Ngf1 Bc3 29. g4 Bxf1 0-1

[Event "World Rapid Team 2023"]
[Site "Dusseldorf GER"]
[Date "2023.08.27"]
[Round "6.13"]
[Board "1"]
[White "Wensing, Maximilian"]
[Black "Namale, Ben Nguku"]
[Result "1-0"]
[BlackTitle "CM"]
[WhiteElo "2171"]
[BlackElo "1967"]
[WhiteTeam "Wensing & Poebel"]
[BlackTeam "Kenya Commercial Bank Chess Club"]
[WhiteFideId "16222415"]
[BlackFideId "10800263"]
[EventDate "2023.08.26"]

1. c4 e6 2. g3 d5 3. Bg2 Nf6 4. Nf3 g6 5. b3 Bg7 6. Bb2 O-O 7. O-O b6 8. d3 Bb7
9. Nbd2 c5 10. Qc2 d4 11. b4 Nbd7 12. Nb3 Qc7 13. Qd2 e5 14. bxc5 Nxc5 15. Ba3
Rfe8 16. Bxc5 bxc5 17. Qa5 Qxa5 18. Nxa5 Bxf3 19. Bxf3 e4 20. Bg2 Rab8 21. Nb3
Bf8 22. Rfb1 exd3 23. exd3 Re2 24. Bf3 Rc2 25. Rc1 Rb2 26. Kf1 Nd7 27. Re1 Bd6
28. Re2 Rxe2 29. Kxe2 Nb6 30. Bc6 Rc8 31. Bb5 Rc7 32. Kd2 Kg7 33. a4 Nc8 34. a5
Bf8 35. a6 Nd6 36. Na5 Kf6 37. Rb1 Bh6+ 38. Kd1 Kf5 39. Bc6 Bg5 40. Bg2 Ke6 41.
Rb8 Kd7 42. h4 Bd8 43. Nc6 Rc8 44. Rb7+ Rc7 45. Rxa7 Rxa7 46. Nxa7 Bb6 47. Nc6
Nc8 48. Bd5 f6 49. Ke2 Na7 50. Nxa7 Bxa7 51. Bg8 h6 52. Bf7 g5 53. Bd5 Kd6 54.
Kf3 Ke5 55. Kg4 f5+ 56. Kh5 Kf6 57. Kxh6 gxh4 58. gxh4 Bb6 59. h5 Ba7 60. Kh7
Bb8 61. h6 1-0

[Event "World Rapid Team 2023"]
[Site "Dusseldorf GER"]
[Date "2023.08.27"]
[Round "6.13"]
[Board "2"]
[White "Magana, Ben"]
[Black "Kracht, Raphael"]
[Result "1-0"]
[WhiteTitle "CM"]
[WhiteElo "2020"]
[BlackElo "2158"]
[WhiteTeam "Kenya Commercial Bank Chess Club"]
[BlackTeam "Wensing & Poebel"]
[WhiteFideId "10800166"]
[BlackFideId "16214382"]
[EventDate "2023.08.26"]

1. d4 Nf6 2. Bf4 d5 3. e3 c5 4. Nf3 Nc6 5. Nbd2 e6 6. c3 cxd4 7. exd4 Nh5 8. Be3
Bd6 9. Ne5 g6 10. Be2 Ng7 11. Ndf3 f6 12. Nxc6 bxc6 13. O-O Nf5 14. Bd3 h5 15.
Re1 Kf7 16. Qd2 Rb8 17. Rab1 Qc7 18. Rbc1 Nxe3 19. fxe3 g5 20. Qf2 g4 21. Ne5+
Bxe5 22. dxe5 Qxe5 23. e4 Qc7 24. c4 dxc4 25. Rxc4 Qb6 26. Rc5 Qxb2 27. Rc2 Qb6
28. Rc5 g3 29. hxg3 Bd7 30. Rf1 Rh6 31. Rb1 Qc7 32. Rbc1 Qd6 33. Be2 Rb2 34.
Bxh5+ Rxh5 35. Qxb2 Qxg3 36. Rxh5 Qe3+ 37. Kh1 Qxe4 38. Qc2 Qf4 39. Rh7+ Ke8 40.
Qg6+ Kd8 41. Rd1 1-0

[Event "World Rapid Team 2023"]
[Site "Dusseldorf GER"]
[Date "2023.08.27"]
[Round "6.13"]
[Board "3"]
[White "Garbuz, Vitaliy"]
[Black "Methu, Joseph Muragu"]
[Result "1-0"]
[WhiteElo "2154"]
[BlackElo "1989"]
[WhiteTeam "Wensing & Poebel"]
[BlackTeam "Kenya Commercial Bank Chess Club"]
[WhiteFideId "12990710"]
[BlackFideId "10804714"]
[EventDate "2023.08.26"]

1. e4 Nf6 2. e5 Nd5 3. c4 Nb6 4. d4 d6 5. exd6 cxd6 6. Nc3 g6 7. Be3 Bg7 8. Rc1
O-O 9. b3 Bf5 10. Be2 d5 11. c5 Nc8 12. Bf3 e6 13. g4 Be4 14. Nxe4 dxe4 15. Bxe4
Nc6 16. Ne2 N8e7 17. Qd2 Nd5 18. Bh6 Bxh6 19. Qxh6 Qf6 20. Rd1 Rad8 21. O-O Nde7
22. Qe3 Qg7 23. g5 Rd7 24. Rd2 Rfd8 25. Rfd1 Nd5 26. Qf3 Nde7 27. Bxc6 bxc6 28.
Qf4 Rd5 29. Ng3 Nf5 30. Ne4 e5 31. dxe5 Rxd2 32. Rxd2 Rxd2 33. Nf6+ Kh8 34. Qxd2
Qf8 35. Qd7 h6 36. gxh6 Nxh6 37. e6 Qxc5 38. Qd8+ Kg7 39. Ne8+ Kh7 40. exf7 Nxf7
41. Qh4+ Kg8 42. Nf6+ Kg7 43. Ne4 Qf5 44. h3 Ne5 45. Qe7+ Kh6 46. Qh4+ Kg7 47.
Nd2 Nf7 48. Qd4+ Kh7 49. Qh4+ Kg7 50. Qd4+ Kh7 51. Qxa7 Kg8 52. Qe3 Ng5 53. h4
Nh3+ 54. Kg2 Nf4+ 55. Kh2 Qf6 56. Nf3 Nd5 57. Qe8+ Kg7 58. Qe5 Nb4 59. a3 Nc2
60. a4 Qxe5+ 61. Nxe5 Nd4 62. a5 c5 63. a6 Nb5 64. Nd7 Kf7 65. Nxc5 Ke7 66. Kg3
Kd6 67. b4 Kd5 68. Nd7 Kc4 69. Ne5+ Kxb4 70. Nc6+ 1-0